00757naa a22001457i 45000010005000000030009000050050017000140080040000310400029000711000143001002450108002437730233003519420012005849990015005969299KOSZ 00520180327105443.0180323s2013 gw ||||f |||| 00| 0 eng  aKOSZ 005/ARcKOSZ 005/AR1 aGASZTOLD, Brygida.bPolitechnika Koszalińska - Instytut Neofilologii i Komunikacji Społecznej,cZakład Filologii Angielskiejd1993 - .10aIntroducing new Jewish immigrants - "Natasha and other stories" by David Bezmozgis /cBrygida Gasztold.0 iW :tAmerican experience - the experience of America. - dFrankfurt am Main : Peter Lang Edition, cop. 2013. - gs. 149-158z9783631635919 kGdansk Transatlantic Studies in British and North American Culture, 2192-6018 ; vol. 2  2UKDcPO c9299d9299